000 00536cam a2200181 i 4500
001 113692
005 20230410143152.0
008 131031s2011 flua g 000 0 eng d
020 _a9780578082004
041 _aeng
050 1 4 _abM478w 2011
100 1 _aMcNeil, Scott
245 1 0 _aWhen you think you got it bad... :
_bthe incredible true story of what it takes to get back up when life knocks you down /
_cScott McNeil.
260 _aFlorida :
_bMBG&A,
_c2011.
300 _axiv, 353p. :
_bill.
942 _2lcc
_cbk
946 _aPP
999 _c96981
_d96981